KOHA-Header-6

Management Information Systems (Record no. 13944)

000 -LEADER
fixed length control field 00244nam a22001097a 4500
082 ## - DEWEY DECIMAL CLASSIFICATION NUMBER
Classification number 005
100 ## - MAIN ENTRY--AUTHOR NAME
Personal name James A. O'Brien ; George M. Marakas
245 ## - TITLE STATEMENT
Title Management Information Systems
250 ## - EDITION STATEMENT
Edition statement Tenth Edition
300 ## - PHYSICAL DESCRIPTION
Number of Pages 673
942 ## - ADDED ENTRY ELEMENTS (KOHA)
Koha item type Books
Holdings
Withdrawn status Lost status Collection code Permanent Location Current Location Shelving location Date acquired Full call number Accession Number Koha item type
    Computer Science MAJU MAJU Shelf No.A18 2024-08-29 005 11038 Books

Powered by Koha